| 000 | 00521nam a22001695i 4500 | ||
|---|---|---|---|
| 001 | 166086 | ||
| 003 | ES-MaACL | ||
| 005 | 20230906213248.0 | ||
| 008 | 991019s1875 it |||| | ita d | ||
| 040 |
_aCCPB | B _bspa _cCCPB | B |
||
| 100 | 1 |
_aTassoni, Alessandro. _9109375 |
|
| 245 | 1 | 3 |
_aLa secchia rapita e altre poesie / _cdi Alessandro Tassoni con note. |
| 260 |
_aMilano : _bEdoardo Sonzogno, _c1875. |
||
| 300 |
_a335 p. ; _c18 cm. |
||
| 752 |
_aItalia - _dMilán |
||
| 852 |
_aES-MaACL _jF-10611 _z-- Enc. hol. |
||
| 999 |
_c166086 _d166086 |
||